El cine /

Obra que presenta una visión integral del cine, que va desde los orígenes hasta la época contemporánea de este séptimo arte. Entre los planteamientos el autor trata de sus inventores, pioneros, productores, géneros, escuelas, actores célebres, desarrollo en diversos países y los formatos de cine mud...

Descripción completa

Guardado en:
Detalles Bibliográficos
Autor principal: Barreneche, Juan José (autor)
Formato: Libro
Idioma:Español
Publicado: Barcelona, España : Bruguera, 1971, c1971
Colección:(Si No ; 6)
Temas:
Etiquetas: Agrega una etiqueta
Sin etiquetas, Sé el primero en etiquetar este registro!

MARC

LEADER 00000nam^a2200000^a^4500
001 000327156
005 20250521000000.0
009 20260310113828.502
037 |a Acervo Xavier Clavigero 
041 |a ESP 
082 |a 302. 23509  |b BAR 
100 |a Barreneche, Juan José  |e (autor) 
245 1 3 |a El cine /  |c J.J. Barreneche. 
264 4 |a Barcelona, España :  |b Bruguera,  |c 1971, c1971 
300 |a 219 p. 
336 |a texto  |b txt  |2 rdacontenido 
337 |a sin mediación  |b n  |2 rdamedio 
338 |a volumen  |b nc  |2 rdasoporte 
440 1 |a (Si No ;  |v 6) 
520 |a Obra que presenta una visión integral del cine, que va desde los orígenes hasta la época contemporánea de este séptimo arte. Entre los planteamientos el autor trata de sus inventores, pioneros, productores, géneros, escuelas, actores célebres, desarrollo en diversos países y los formatos de cine mudo y sonoro. Al final incluye una selección de las mejores películas y los premiados con el Oscar. 
649 |a XX 
650 |a Cine -  |x Historia y Crítica -  |x Tema Principal 
650 |a Cine -  |x Filmografías 
650 |a Cine -  |x Premios 
650 |a Medios Audiovisuales 
650 |a Medios de Comunicación 
650 |a Comunicación Visual 
650 |a Comunicación Masiva 
910 |a Fondo General 
920 |a Impresos - Libros 
930 |a Colección General 
905 |a 101 
901 |a 0500216225  |b IT1  |c ACC  |u 20250521 
901 |a 0500216222  |b IT1  |c ACC  |u 20250521 
902 |a https://opac.biblio.iteso.mx/vufind/Record/000327156